Programa de reeducación para dificultades en la escritura

Sparad:
Bibliografiska uppgifter
Huvudupphovsman: Huerta Fernández, Elena (autora)
Övriga upphovsmän: Matamala Barbacil, Antonio (autor)
Materialtyp: Bok
Språk:spanska
Publicerad: Madrid Visor libros 1984
Serie:Colección aprendizaje
Ämnen:
Taggar: Lägg till en tagg
Inga taggar, Lägg till första taggen!

MARC

LEADER 00000nam a2200000 a 4500
001 UCW4265
003 CL-VaPUC
008 891123e19840000SP |||||||||||||||||spa|d
082 0 4 |a 371.914  |b HUE  |2 21 
100 |a Huerta Fernández, Elena  |e autora  |9 363804 
700 |a Matamala Barbacil, Antonio  |e autor  |9 363805 
245 1 0 |a Programa de reeducación para dificultades en la escritura 
300 |a 6 v 
942 |c BK 
945 |d 19891123 00:00:00  |a rbrito 
260 |a Madrid  |b Visor libros  |c 1984 
650 7 |a NIÑOS ESCRITURA  |2 CL-VaPUC  |9 308908 
650 0 |a Dislexia  |9 307487 
650 7 |a TRASTORNOS DEL APRENDIZAJE TRATAMIENTO  |2 CL-VaPUC  |9 308909 
583 |a last modification  |c 19891123 00:00:00  |k Rodrigo Vera 
490 0 |a Colección aprendizaje 
999 |c 218038  |d 218036 
952 |0 0  |1 0  |4 0  |6 371_914000000000000_HUE_1984  |7 0  |8 A  |9 206860  |a BIBEDU  |b BIBEDU  |c ES_NOD  |d 2019-11-15  |h v.1  |i 274676K  |o 371.914 HUE 1984  |p 274676K  |r 2023-08-09  |w 2019-11-15  |y BK  |k EDU 
952 |0 0  |1 0  |4 0  |6 371_914000000000000_HUE_1984  |7 0  |8 A  |9 206861  |a BIBEDU  |b BIBEDU  |c ES_NOD  |d 2019-11-15  |h v.2  |i 2746778  |o 371.914 HUE 1984  |p 2746778  |r 2023-08-09  |w 2019-11-15  |y BK  |k EDU 
952 |0 0  |1 0  |4 0  |6 371_914000000000000_HUE_1984  |7 0  |8 A  |9 206862  |a BIBEDU  |b BIBEDU  |c ES_NOD  |d 2019-11-15  |h v.3  |i 2746786  |o 371.914 HUE 1984  |p 2746786  |r 2023-08-09  |w 2019-11-15  |y BK  |k EDU 
952 |0 0  |1 0  |4 0  |6 371_914000000000000_HUE_1984  |7 0  |8 A  |9 206863  |a BIBEDU  |b BIBEDU  |c ES_NOD  |d 2019-11-15  |h v.4  |i 2746794  |o 371.914 HUE 1984  |p 2746794  |r 2023-08-09  |w 2019-11-15  |y BK  |k EDU 
952 |0 0  |1 0  |4 0  |6 371_914000000000000_HUE_1984  |7 0  |8 A  |9 206864  |a BIBEDU  |b BIBEDU  |c ES_NOD  |d 2019-11-15  |h v.5  |i 2746808  |o 371.914 HUE 1984  |p 2746808  |r 2023-08-09  |w 2019-11-15  |y BK  |k EDU 
952 |0 0  |1 0  |4 0  |6 371_914000000000000_HUE_1984  |7 0  |8 A  |9 206865  |a BIBEDU  |b BIBEDU  |c ES_NOD  |d 2019-11-15  |h v.6  |i 2746816  |o 371.914 HUE 1984  |p 2746816  |r 2023-08-09  |w 2019-11-15  |y BK  |k EDU 
952 |0 0  |1 0  |4 0  |6 371_914000000000000_HUE_1984  |7 0  |8 A  |9 206866  |a BIBEDU  |b BIBEDU  |c ES_NOD  |d 2019-11-15  |h v.1  |i 297648K  |l 1  |o 371.914 HUE 1984  |p 297648K  |r 2023-08-09  |s 2023-06-12  |w 2019-11-15  |y BK  |k EPE 
952 |0 0  |1 0  |4 0  |6 371_914000000000000_HUE_1984  |7 0  |8 A  |9 206867  |a BIBEDU  |b BIBEDU  |d 2019-11-15  |h v.2  |i 2976498  |o 371.914 HUE 1984  |p 2976498  |r 2023-08-09  |w 2019-11-15  |y BK  |k EPE 
952 |0 0  |1 0  |4 0  |6 371_914000000000000_HUE_1984  |7 0  |8 A  |9 206868  |a BIBEDU  |b BIBEDU  |c ES_NOD  |d 2019-11-15  |h v.3  |i 2976501  |o 371.914 HUE 1984  |p 2976501  |r 2023-08-09  |w 2019-11-15  |y BK  |k EPE 
952 |0 0  |1 0  |4 0  |6 371_914000000000000_HUE_1984  |7 0  |8 A  |9 206869  |a BIBEDU  |b BIBEDU  |c ES_NOD  |d 2019-11-15  |h v.4  |i 297651K  |o 371.914 HUE 1984  |p 297651K  |r 2023-08-09  |w 2019-11-15  |y BK  |k EPE 
952 |0 0  |1 0  |4 0  |6 371_914000000000000_HUE_1984  |7 0  |8 A  |9 206870  |a BIBEDU  |b BIBEDU  |c ES_NOD  |d 2019-11-15  |h v.5  |i 2976528  |o 371.914 HUE 1984  |p 2976528  |r 2023-08-09  |w 2019-11-15  |y BK  |k EPE 
952 |0 0  |1 0  |4 0  |6 371_914000000000000_HUE_1984  |7 0  |8 A  |9 206871  |a BIBEDU  |b BIBEDU  |c ES_NOD  |d 2019-11-15  |h v.6  |i 2976536  |o 371.914 HUE 1984  |p 2976536  |r 2023-08-09  |w 2019-11-15  |y BK  |k EPE